书目信息 |
| 题名: |
小学阅读指要
|
|
| 作者: | 刘德元 主编 | |
| 分册: | ||
| 出版信息: | 北京 海洋出版社 1992 |
|
| 页数: | 146页 | |
| 开本: | 19cm | |
| 丛书名: | ||
| 单 册: | ||
| 中图分类: | G623.23 | |
| 科图分类: | 38.6341 | |
| 主题词: | 语文-阅读教学--小学--教学参考资料 , 阅读教学-语文--小学--教学参考资料 | |
| 电子资源: | ||
| ISBN: | 7-5027-2162-2 | |
| 000 | 00724nam0 2200253 45 | |
| 001 | 0192009192 | |
| 005 | 20070721093415.65 | |
| 010 | @a7-5027-2162-2@dCNY2.00 | |
| 020 | @aCN@b92009192 | |
| 100 | @a19920818d1992 cm y0chiy0121 ea | |
| 101 | 0 | @achi |
| 102 | @aCN@b110000 | |
| 105 | @ay z 000yy | |
| 200 | 10 | @a小学阅读指要@Axiao xue yue du zhi yao@f刘德元主编@Fliu de yuan zhu bian |
| 210 | @a北京@c海洋出版社@d1992 | |
| 215 | @a146页@d19cm | |
| 540 | 1 | @a阅读@Ayue du |
| 606 | @a语文-阅读教学@x小学@x教学参考资料 | |
| 606 | @a阅读教学-语文@x小学@x教学参考资料 | |
| 690 | @aG623.23 | |
| 692 | @a38.6341 | |
| 701 | 0 | @a刘德元@Aliu de yuan@4主编 |
| 801 | 0 | @aCN@bTSSF@c20070721 |
| 905 | @a10447@dG623.23@e333 | |
| 小学阅读指要/刘德元主编.-北京:海洋出版社,1992 |
| 146页;19cm |
| ISBN 7-5027-2162-2:CNY2.00 |
| ● |
| 相关链接 |
|
|
|
|
正题名:小学阅读指要
索取号:G623.23/333
 
预约/预借
| 序号 | 登录号 | 条形码 | 馆藏地/架位号 | 状态 | 备注 |
| 1 | 0767919 | 207679190 | 第一样本阅览室/ [索取号:G623.23/333] | 在馆 | |
| 2 | 0780887 | 207808871 | 密集书库/ [索取号:G623.23/333] | 在馆 |